000 00481nam a2200157Ia 4500
008 231217s9999 xx 000 0 und d
041 _aEnglish
082 _a658.3 ESQ;1 R
100 _aEsque, Timm J
245 0 _aMaking an impact : building a top-performing organization from the bottom up
260 _c2004
_bJaico
_aMumbai
300 _a121
500 _aContent page available
650 _aMaking,an,impact,:,top-performing,organization,from,bottom,up
942 _cAA
999 _c171204
_d171204